=LDR 00000nam 2200000 4500 =001 INLIS000000000028065 =005 20130612130409 =008 ***********************************ind** =035 ##$$0010-061300000028065 =041 ##$$a ind =082 ##$$a 808.1 =090 ##$$a 808.1, PRA m =100 ##$$a Pradopo, Rakhmat Joko =245 ##$$a Mitos ketut Semar, Rakhmat Djoko Pradopo =250 ##$$a Atologi Puisi =260 ##$$a 2006 $b Yogyakarta =300 ##$$a xii, 156 hlm., 21 cm =650 ##$$a Puisi =850 ##$$a NBPNMAT